000 00354 a2200169 4500
001 191290
020 _a85-16-02062-2
040 _cMagnum
100 _aPellegrini, Domingos
240 1 0 _aA Ășltima tropa
_lpor
245 1 0 _aA Ășltima tropa
300 _a143
362 0 _a1998
440 1 _aModerna
697 _aLITERATURA JUVENIL
942 _cBK
999 _c191290
_d191290